00777nam a2200217 i 450000100060000000300090000600500170001500700030003200800410003502000180007608000250009410000330011924501240015225000120027626000620028830000380035065100370038865100590042571000530048485200220053711166ES-MaACL20230906150036.0t|930921s1993 sp a |||| | spa d a84-86844-86-X a904(460.183):7.032.71 aPalol, Pere de (d1923-2005)13aLa villa romana de La Olmeda de Pedrosa de la Vega (Palencia) b: guía de de las excavaciones / cpor Pedro de Palol. a5ª ed. aPalencia : bDiputación Provincial de Palencia, c1993. a69 p : bil. col. y n. ; c21 cm. 4aLa Olmeda (Palencia, Yacimiento) 4aPalencia (Provincia)-xRestos arqueológicos romanos.1 aPalencia (Provincia). bDiputación Provincial. aES-MaACLjL-18526